| 000 | 00577nam a2200145Ia 4500 | ||
|---|---|---|---|
| 008 | 140724s9999 xx 000 0 und d | ||
| 050 |
_aHF 5381 _b.G163 2013 |
||
| 100 | _aGallardo, Jannabelle O. | ||
| 245 |
_aParents' parenting styles and academic performance of selected high and low college academic achievers of Southville International School and Colleges / _cJannabelle O. Gallardo. |
||
| 260 |
_aLas PiƱas, Philippines : _bSouthville International School and Colleges, _cc2013. |
||
| 300 |
_a63 p. : _c28 cm. |
||
| 521 | _aPsychology | ||
| 942 | _cTH | ||
| 999 |
_c229297 _d229297 |
||